中国人出境旅游人次最多目的地 Top destinations for Chinese outbound travellers - Statistics

General Stats
  • This quiz has been taken 76 times
  • The average score is 18 of 21
Answer Stats
排名 人次 国家 % Correct
1 627963 泰 国
100%
3 256080 韩 国
100%
10 58745 法 国
100%
17 20188 美 国
100%
2 553071 日 本
98%
11 47023 英 国
98%
5 217310 新加坡
97%
6 162860 马来西亚
97%
13 38253 德 国
97%
4 235838 俄罗斯
95%
15 21854 澳大利亚
95%
16 21266 西班牙
95%
7 151837 越 南
93%
9 65416 意大利
93%
8 75192 印度尼西亚
85%
18 13967 新西兰
82%
14 23213 埃 及
72%
12 39349 瑞 士
62%
19 12225 瑞 典
52%
20 11674 丹 麦
36%
21 10948 肯尼亚
7%
No matching quizzes found
Score Distribution
Percent of People with Each Score
Percentile by Number Answered
Your Score History
You have not taken this quiz